¿Cómo y quién debe proteger el conocimiento tradicional? /
Guardado en:
| Hovedforfatter: | |
|---|---|
| Format: | Bog |
| Sprog: | Spanish |
| Tags: |
Tilføj Tag
Ingen Tags, Vær først til at tagge denne postø!
|
MARC
| LEADER | 00000nam a22000007a 4500 | ||
|---|---|---|---|
| 003 | cru CIDCACS/IIS | ||
| 005 | 20180323142841.0 | ||
| 007 | ta | ||
| 008 | 180323s2001 uy |||||r||||||0| ||spa|d | ||
| 999 | |c 41193 |d 41193 | ||
| 040 | |c cru CIDCACS/IIS | ||
| 100 | 1 | |9 5585 |a Rodríguez Cervantes, Silvia | |
| 245 | 1 | 1 | |a ¿Cómo y quién debe proteger el conocimiento tradicional? / |c Silvia Rodríguez Cervantes |
| 300 | |a páginas 26-27 | ||
| 773 | 0 | |0 41050 |9 1916 |a Red de Ecología Social (Uruguay) |d Uruguay: REDES-AT; GRAIN |o 18873 |t Biodiversidad: |x 07977888X | |
| 942 | |2 ddc |c PP | ||
